Normal view MARC view
  • HICKS, T. G

Entry Personal Name

Number of records used in: 1

001 - CONTROL NUMBER

  • control field: 57099

003 - CONTROL NUMBER IDENTIFIER

  • control field: NUST

005 - DATE AND TIME OF LATEST TRANSACTION

  • control field: 20210628201841.0

008 - FIXED-LENGTH DATA ELEMENTS

  • fixed length control field: 210628|| aca||aabn | a|a d

040 ## - CATALOGING SOURCE

  • Original cataloging agency: NUST
  • Transcribing agency: NUST

100 ## - HEADING--PERSONAL NAME

  • Personal name: HICKS, T. G

670 ## - SOURCE DATA FOUND

  • Source citation: Work cat.: (NUST): HICKS, T. G, SUCCESSFUL TECHNICAL WRITING TECHNICAL ARTICLES PAPERS REPORTS INSTRUCTION AND TRAINING MANUAL AND BOOKS, 1959
© 2023 Central Library, National University of Sciences and Technology. All Rights Reserved.